Combien de fois pouvez vous taper les voyelles ? - Statistiques

Statistiques générales
  • Ce quiz a été pris 218 fois
  • Le résultat moyen est 37 sur 72
Statistiques - réponses
Réponse % Correct
a
100%
e
96%
i
95%
o
94%
u
92%
y
90%
a
87%
e
87%
i
85%
o
84%
u
84%
y
83%
a
82%
e
82%
i
81%
o
81%
u
81%
a
80%
e
80%
y
80%
i
76%
o
76%
u
75%
y
72%
a
70%
e
69%
i
69%
o
69%
u
68%
y
64%
a
62%
e
61%
i
58%
o
57%
u
57%
y
55%
a
50%
e
50%
i
49%
o
47%
u
47%
y
46%
a
43%
e
43%
i
41%
o
39%
u
36%
a
34%
y
34%
e
30%
i
28%
o
27%
u
24%
y
22%
a
21%
e
21%
i
19%
o
18%
u
17%
a
16%
y
16%
e
15%
i
12%
o
12%
a
10%
u
10%
y
10%
e
9%
i
8%
o
8%
u
8%
y
6%
Aucun quiz correspondant
Distribution des résultats
% des personnes avec chaque résultat
Percentile par nombre de réponses
Votre historique - résultats
Vous n’avez pas pris ce quiz